| 000 | 00503nam a22001817a 4500 | ||
|---|---|---|---|
| 999 |
_c67023 _d67023 |
||
| 005 | 20191126175914.0 | ||
| 010 | _aB-167939 | ||
| 020 |
_a8175344474 _c125.00 |
||
| 035 | _aB-167938, B-167943 | ||
| 035 | _aB-167939 | ||
| 037 |
_aDPL _bENG |
||
| 100 | _aSwarup, Jagadish | ||
| 245 |
_aMaking of a good lawyer / _cby Jagadish Swarup |
||
| 250 | _a2nd ed. | ||
| 260 |
_aNew Delhi _bUniversal Law Publishing Co. _c2005 |
||
| 300 |
_axv, 114p. _c18 cms. |
||
| 942 |
_2ddc _cEN _h340.02 _mJAG |
||